|
|
|
|
| LEADER |
01392nam a22002537a 4500 |
| 001 |
2529 |
| 003 |
BD-DhAAL |
| 005 |
20180419112819.0 |
| 008 |
141121s1982 bg ||||| |||| 00| 0 ben d |
| 999 |
|
|
|c 33087
|d 33087
|
| 040 |
|
|
|a BD-DhAAL
|c BD-DhAAL
|
| 041 |
|
|
|a BEN
|
| 082 |
|
|
|2 22
|a 954.9/205
|
| 245 |
|
|
|a বাংলাদেশের স্বাধীনতা যুদ্ধ দলিলপত্র : নবম খণ্ড,
|b সশস্ত্র সংগ্রাম (১) /
|c সম্পাদক হাসান হাফিজুর রহমান
|
| 260 |
|
|
|a ঢাকা :
|b তথ্য মণ্ত্রণালয়, গণপ্রজাতণ্ত্রী বাংলাদেশ সরকার,
|c ১৯৮৪
|
| 300 |
|
|
|a ৭৪০ পৃ. ;
|c ২৪ সে. মি.
|
| 362 |
|
|
|a নবম খণ্ড
|
| 541 |
|
|
|e 2529
|
| 650 |
|
|
|a Bangladesh
|x History
|x Revolution
|y 1971
|9 6077
|
| 700 |
|
|
|a রহমান, হাসান হাফিজুর
|9 6078
|
| 852 |
|
|
|a Ayesha Abed Library
|c General Stacks
|
| 942 |
|
|
|2 ddc
|c BK
|
| 952 |
|
|
|0 0
|1 0
|2 ddc
|4 0
|6 954_900000000000000_205_BAN
|7 0
|9 44114
|a BRACUL
|b BRACUL
|c BNC
|d 2014-11-22
|g 133.00
|l 0
|o 954.9205 BAN
|p 3010002529
|r 2014-11-22
|t 1
|w 2014-11-22
|y BK
|
| 952 |
|
|
|0 0
|1 0
|2 ddc
|4 0
|6 954_920500000000000_BAN
|7 0
|9 54772
|a SCL
|b SCL
|c GEN
|d 2015-07-06
|g 1000.00
|l 2
|m 1
|o 954.9205 BAN
|p 3020008127
|r 2024-03-23
|s 2024-03-13
|t 2
|w 2015-07-06
|y BK
|